| 000 | 00518nam a2200193Ia 4500 | ||
|---|---|---|---|
| 003 | OSt | ||
| 005 | 20220322093232.0 | ||
| 008 | 210210b1974 xxu||||| |||| 00| 0 eng d | ||
| 040 |
_aAL _c |
||
| 082 | _a398.0973 VOIA | ||
| 100 |
_aVOICE OF AMERICA. _924718 |
||
| 245 | _aAmerican folklore edited by Tristram Coffin, III. | ||
| 260 |
_aUSA. _bVoice of America Forum Lectures., _c1974 |
||
| 300 | _aviii,325 | ||
| 650 |
_aAmerican Folklore _924719 |
||
| 690 |
_aFolklore _924720 |
||
| 906 | _a031975 | ||
| 942 |
_2ddc _cBK |
||
| 999 |
_c83048 _d83048 |
||